Tanulócsoportok jellemző tudásszerkezetének vizsgálata a tudástér elmélet segítségével

Elmentve itt :
Bibliográfiai részletek
Szerző: Tóth Zoltán
Testületi szerző: Pedagógiai Értékelési Konferencia (4.) (2006) (Szeged)
Dokumentumtípus: Könyv része
Megjelent: 2006
Sorozat:Pedagógiai Értékelési Konferencia 4
Kulcsszavak:Tudásszerkezet - előadáskivonat, Tudástér-elmélet - előadáskivonat
Online Access:http://acta.bibl.u-szeged.hu/60266
LEADER 00755naa a2200181 i 4500
001 acta60266
005 20260224081030.0
008 190731s2006 hu o 100 hun d
040 |a SZTE Egyetemi Kiadványok Repozitórium  |b hun 
041 |a hun 
100 1 |a Tóth Zoltán 
245 1 0 |a Tanulócsoportok jellemző tudásszerkezetének vizsgálata a tudástér elmélet segítségével  |h [elektronikus dokumentum] /  |c  Tóth Zoltán 
260 |c 2006 
300 |a 82 
490 0 |a Pedagógiai Értékelési Konferencia  |v 4 
695 |a Tudásszerkezet - előadáskivonat, Tudástér-elmélet - előadáskivonat 
710 |a Pedagógiai Értékelési Konferencia (4.) (2006) (Szeged) 
856 4 0 |u http://acta.bibl.u-szeged.hu/60266/1/pek_2006_082.pdf  |z Dokumentum-elérés